<?xml version="1.0" encoding="UTF-8"?><?xml-stylesheet type="text/xsl" href="static/style.xsl"?><OAI-PMH xmlns="http://www.openarchives.org/OAI/2.0/" xmlns:xsi="http://www.w3.org/2001/XMLSchema-instance" xsi:schemaLocation="http://www.openarchives.org/OAI/2.0/ http://www.openarchives.org/OAI/2.0/OAI-PMH.xsd"><responseDate>2026-04-18T08:40:18Z</responseDate><request verb="GetRecord" identifier="oai:riubu.ubu.es:10259/9114" metadataPrefix="marc">https://riubu.ubu.es/oai/request</request><GetRecord><record><header><identifier>oai:riubu.ubu.es:10259/9114</identifier><datestamp>2024-05-03T22:00:58Z</datestamp><setSpec>com_10259_2699</setSpec><setSpec>col_10259_2727</setSpec></header><metadata><record xmlns="http://www.loc.gov/MARC21/slim" xmlns:doc="http://www.lyncode.com/xoai" xmlns:xsi="http://www.w3.org/2001/XMLSchema-instance" xmlns:dcterms="http://purl.org/dc/terms/" xsi:schemaLocation="http://www.loc.gov/MARC21/slim http://www.loc.gov/standards/marcxml/schema/MARC21slim.xsd">
<leader>00925njm 22002777a 4500</leader>
<datafield tag="042" ind1=" " ind2=" ">
<subfield code="a">dc</subfield>
</datafield>
<datafield tag="720" ind1=" " ind2=" ">
<subfield code="a">Alonso Carrillo, Daniel</subfield>
<subfield code="e">author</subfield>
</datafield>
<datafield tag="260" ind1=" " ind2=" ">
<subfield code="c">2023</subfield>
</datafield>
<datafield tag="520" ind1=" " ind2=" ">
<subfield code="a">En la presente Tesis Doctoral se han desarrollado nuevos anionóforos basados en estructuras tipo click-tambjamina. Esta familia de compuestos se caracteriza por contener un núcleo de 4-(pirrol-2-il)-1,2,3-triazol unido a un fragmento imina en la posición 5 del pirrol, estructura que permite la interacción mediante enlaces de hidrógeno con diferentes aniones, dando lugar a complejos supramoleculares estables. Estos complejos pueden difundir a través de membranas lipídicas, facilitando así el transporte de aniones a través de las mismas. Esta actividad incluye aniones de gran interés biológico como son el cloruro, bicarbonato, lactato o dicarboxilatos. Los estudios realizados en células indican que esta familia de moléculas es activa en este entorno y por tanto estos compuestos podrían ser de utilidad para el tratamiento de canalopatías o del cáncer; por otro lado, su formulación en transportadores lipídicos nanoestucturados (NLCs) mantiene o incrementa su actividad anionofórica, lo que resulta de gran interés de cara a su potencial aplicación como futuros fármacos. Finalmente, se han incorporado ciertos grupos directores en la estructura de las clicktambjaminas, logrando una acumulación selectiva de las mismas en distintos orgánulos celulares deseados. Esto permitiría una mayor especificidad que podría redundar en una mejora en su actividad biológica y a la vez una menor toxicidad de la misma.</subfield>
</datafield>
<datafield tag="024" ind2=" " ind1="8">
<subfield code="a">http://hdl.handle.net/10259/9114</subfield>
</datafield>
<datafield tag="024" ind2=" " ind1="8">
<subfield code="a">10.36443/10259/9114</subfield>
</datafield>
<datafield ind1=" " ind2=" " tag="653">
<subfield code="a">Anionophore of Click-tambjamine</subfield>
</datafield>
<datafield ind1=" " ind2=" " tag="653">
<subfield code="a">Channelopathies and cancer therapies</subfield>
</datafield>
<datafield ind1=" " ind2=" " tag="653">
<subfield code="a">Macrocycle selectivity</subfield>
</datafield>
<datafield ind1=" " ind2=" " tag="653">
<subfield code="a">Nanostructured lipid carriers (NLCs)</subfield>
</datafield>
<datafield ind1=" " ind2=" " tag="653">
<subfield code="a">Organelle-targeting groups</subfield>
</datafield>
<datafield ind1=" " ind2=" " tag="653">
<subfield code="a">Anionóforo de Click-tambjamina</subfield>
</datafield>
<datafield ind1=" " ind2=" " tag="653">
<subfield code="a">Canalopatías y terapias contra el cáncer</subfield>
</datafield>
<datafield ind1=" " ind2=" " tag="653">
<subfield code="a">Selectividad de macrociclo</subfield>
</datafield>
<datafield ind1=" " ind2=" " tag="653">
<subfield code="a">Portadores de lípidos nanoestructurados (NLCs)</subfield>
</datafield>
<datafield ind1=" " ind2=" " tag="653">
<subfield code="a">Grupos directores de orgánulos</subfield>
</datafield>
<datafield tag="245" ind1="0" ind2="0">
<subfield code="a">Click-tambjamines, versatile anionophores with potential biological activity</subfield>
</datafield>
</record></metadata></record></GetRecord></OAI-PMH>